000
00301 a2200109 4500
001
ART_18445
005
20260410161702.0
008
260409a
245
1
0
_a
Provincia de Buenos Aires
100
1
_a
Ferraro, Ricardo H.
773
0
_t
Revista Impuestos
_g
- NÂș 12 (dic. 2012)
_w
REV639
999
_c
15247
_d
15247